000 00493 a2200157 4500
001 ART_46024
005 20260410161731.0
008 260409a
245 1 0 _aActivos intangibles
100 1 _aLópez, María de los Á.
700 1 _aSantanatoglia, Juan Manuel
700 1 _aPedroni, Florencia Verónica
700 1 _aAlbanese, Diana
700 1 _aMilanesi, Gastón S.
773 0 _tEscritos contables y de administración
_g- Vol. 4, Nº 2 (jul./dic. 2013)
_wREV2758
999 _c17838
_d17838